Better buildings - better lives (Record no. 103641)

MARC details
000 -LEADER
fixed length control field 01532cam a2200253 4500
001 - CONTROL NUMBER
control field J126716
008 - FIXED-LENGTH DATA ELEMENTS--GENERAL INFORMATION
fixed length control field 040706n2004 000 0 eng u
035 ## - SYSTEM CONTROL NUMBER
System control number (Sirsi) u126716
041 ## - LANGUAGE CODE
Language code of text/sound track or separate title eng
050 ## - LIBRARY OF CONGRESS CALL NUMBER
Classification number 333.72
-- 18
110 ## - MAIN ENTRY--CORPORATE NAME
Corporate name or jurisdiction name as entry element Sustainable Buildings Task Group
9 (RLIN) 4645
245 ## - TITLE STATEMENT
Title Better buildings - better lives
Remainder of title Sustainable Buildings Task Group report
Medium [electronic resource]
260 ## - PUBLICATION, DISTRIBUTION, ETC.
Place of publication, distribution, etc. [S.l.]
Name of publisher, distributor, etc. DTI
Date of publication, distribution, etc. 2004
520 ## - SUMMARY, ETC.
Summary, etc. The Sustainable Buildings Task Group was set up in 2003 to advise government on practical and cost effective measures to improve the sustainability of buildings. This report presents their findings and sets out key recommendations. These include a national code for sustainable building based on BREEAM and incorporating minimum standards in key resource efficiency criteria and a best practice guide for developing sustainable buildings to accompany PPS1. Other recommendations cover: the Building Regulations; existing building stock; information about buildings, timber and waste; labelling of construction materials and products; and fiscal incentives.
650 ## - SUBJECT ADDED ENTRY--TOPICAL TERM
Topical term or geographic name entry element ENERGY EFFICIENT
650 ## - SUBJECT ADDED ENTRY--TOPICAL TERM
Topical term or geographic name entry element SUSTAINABLE CONSTRUCTION
650 ## - SUBJECT ADDED ENTRY--TOPICAL TERM
Topical term or geographic name entry element SUSTAINABLE DEVELOPMENT
690 ## - LOCAL SUBJECT ADDED ENTRY--TOPICAL TERM (OCLC, RLIN)
Topical term or geographic name as entry element BUILDING AND CONSTRUCTION-SUSTAINABLE
710 ## - ADDED ENTRY--CORPORATE NAME
Corporate name or jurisdiction name as entry element United Kingdom
Subordinate unit Office of the Deputy Prime Minister
710 ## - ADDED ENTRY--CORPORATE NAME
Corporate name or jurisdiction name as entry element United Kingdom
Subordinate unit Department of Trade and Industry
710 ## - ADDED ENTRY--CORPORATE NAME
Corporate name or jurisdiction name as entry element DEFRA
856 ## - ELECTRONIC LOCATION AND ACCESS
Uniform Resource Identifier <a href="https://www.bis.gov.uk/files/file15151.pdf">https://www.bis.gov.uk/files/file15151.pdf</a>
Public note View this item free of charge at www.bis.gov.uk
942 ## - ADDED ENTRY ELEMENTS (KOHA)
Suppress in OPAC 0
Holdings
Withdrawn status Lost status Source of classification or shelving scheme Damaged status Not for loan Home library Current library Shelving location Date acquired Total Checkouts Full call number Barcode Date last seen Copy number Price effective from Koha item type
    Dewey Decimal Classification     Virtual Virtual Online 09/07/2004   ONLINE PUBLICATION 126716-3001 06/08/2019 1 06/08/2019 Book